000 03642cam a22005657i 4500
001 24021601
003 DLC
005 20260501113001.0
007 ta
008 260410s2025 nyua b 001 0 eng d
010 _a 2025931922
020 _a9781541605695 (hardcover)
020 _a1541605691 (hardcover)
020 _z9781541605701
_qebook
020 _z1541605705
_qebook
035 _a(OCoLC)on1498863239
040 _aIG#
_beng
_erda
_cIG#
_dBRL
_dOCLCO
_dOJ4
_dBKL
_dBTS
_dLML
_dTJC
_dDLC
_dDLC-MRC
_dDLC
041 _aeng
042 _alccopycat
050 1 4 _aNX 180
_bD812b 2025
082 0 0 _a701.05
100 1 _aDu Sautoy, Marcus,
_d1965-
_948115
245 1 0 _aBlueprints :
_bhow mathematics shapes creativity /
_cMarcus du Sautoy.
250 _aFirst US edition.
264 1 _aNew York :
_bBasic Books,
_c2025.
300 _ax, 372 pages :
_billustrations ;
_c25 cm
336 _atext
_btxt
_2rdacontent
_0http://id.loc.gov/vocabulary/contentTypes/txt
336 _astill image
_bsti
_2rdacontent
_0http://id.loc.gov/vocabulary/contentTypes/sti
337 _aunmediated
_bn
_2rdamedia
_0http://id.loc.gov/vocabulary/mediaTypes/n
338 _avolume
_bnc
_2rdacarrier
_0http://id.loc.gov/vocabulary/carriers/nc
340 _0http://id.loc.gov/vocabulary/millus/ill
504 _aIncludes bibliographical references and index.
505 0 _aDramatis Personae -- Overture -- Blueprint One: The Primes -- Blueprint Two: The Circle -- Blueprint Three: The Fibonacci Numbers -- Blueprint Four: The Golden Ratio -- Blueprint Five: Fractals -- Blueprint Six: The Platonic Solids -- Blueprint Seven: Symmetry -- Blueprint Eight: Hyperbolic Geometry -- Blueprint Nine: Randomness -- Finale
520 _a"When Shakespeare has the Three Witches cast Macbeth's lot, he uses something very weird to do it: not simply "eye of newt and toe of frog," but the number seven. And when Hamlet claims, "To be or not to be, that is the question," Shakespeare reaches for eleven. For Shakespeare, prime numbers were magical. And he is not alone. As Marcus du Sautoy showcases in Blueprints, creativity is inseparable from mathematics. The designs of Le Corbusier and Leonardo; the music of Glass, Bach, and Debussy; the wild visions of Dali, the choreography of Laban, the animation of Pixar--all are shot through with mathematics, from primes and fractals to the weirder worlds of Hamiltonian cycles and hyperbolic geometry. And Du Sautoy argues that the relationship runs both ways. Just as mathematics inspires new art, the artistic mindset is a necessity for discovering new mathematics."-- description from https://www.hachettebookgroup.com/titles/marcus-du-sautoy/blueprints/9781541605695/?lens=basic-books, accessed 20250916.
650 0 _aArts
_xMathematics
650 0 _aArt and science
650 0 _aCreative ability
650 4 _aArte y ciencia
_948253
650 4 _aHabilidad creativa
_93778
650 6 _aArts
_xMathématiques
650 6 _aArt et sciences
650 6 _aCréativité
758 _1http://id.loc.gov/resources/instances/24021601
758 _4http://id.loc.gov/ontologies/bibframe/instanceOf
_1http://id.loc.gov/resources/works/24021601
776 1 _iEbook
_4http://id.loc.gov/entities/relationships/ebook
_tBlueprints : how mathematics shapes creativity
_z9781541605701
884 _aDLC bibframe2marc v3.1-dev
_g20260410
_qDLC
_uhttps://github.com/lcnetdev/bibframe2marc/tree/v3.1-dev
906 _a7
_bcbc
_corignew
_d2
_eepcn
_f20
_gy-gencatlg
942 _2lcc
_cBK
999 _c126915
_d126915